Catálogo

Milagros de la Santísima Virgen de Guadalupe : (Registro nro. 30304)

Detalles MARC
000 -LEADER
fixed length control field 01032cam a2200289 i 4500
001 - CONTROL NUMBER
control field 30304
003 - CONTROL NUMBER IDENTIFIER
control field Mx-PuUPA
005 - DATE AND TIME OF LATEST TRANSACTION
control field 20231016095503.0
008 - FIXED-LENGTH DATA ELEMENTS--GENERAL INFORMATION
fixed length control field 140415s1971 mx gr 000 0 spa d
040 ## - CATALOGING SOURCE
Transcribing agency Mx-PuUPA
Original cataloging agency Mx-PuUPA
Language of cataloging spa
Modifying agency Mx-PuUPA
Description conventions rda
041 0# - LANGUAGE CODE
Language code of text/sound track or separate title spa
110 2# - MAIN ENTRY--CORPORATE NAME
Corporate name or jurisdiction name as entry element Jerónimas de Puebla
245 10 - TITLE STATEMENT
Title Milagros de la Santísima Virgen de Guadalupe :
Remainder of title narración y testimonios /
Statement of responsibility, etc. Jerónimas de Puebla
246 14 - VARYING FORM OF TITLE
Title proper/short title Milagros de la Virgen de Guadalupe.
264 #1 - PRODUCTION, PUBLICATION, DISTRIBUTION, MANUFACTURE, AND COPYRIGHT NOTICE
Place of production, publication, distribution, manufacture Puebla :
Name of producer, publisher, distributor, manufacturer Convento de San Jerónimo,
Date of production, publication, distribution, manufacture, or copyright notice 1971
300 ## - PHYSICAL DESCRIPTION
Extent 53 páginas ;
Dimensions 16 cm
336 ## - CONTENT TYPE
Fuente rdacontent
Content type term texto
Content type code txt
337 ## - MEDIA TYPE
Source rdamedia
Media type term sin medio
Media type code n
338 ## - CARRIER TYPE
Source rdacarrier
Carrier type term volumen
Carrier type code nc
500 ## - GENERAL NOTE
General note "He elegido y Santificado esta casa". -- Cubierta
600 04 - SUBJECT ADDED ENTRY--PERSONAL NAME
Personal name Virgen María
General subdivision Apariciones y milagros
600 04 - SUBJECT ADDED ENTRY--PERSONAL NAME
Personal name Nuestra Señora de Guadalupe
General subdivision Apariciones y milagros
600 04 - SUBJECT ADDED ENTRY--PERSONAL NAME
Personal name Nuestra Señora de Guadalupe
Form subdivision Leyendas
942 ## - ADDED ENTRY ELEMENTS (KOHA)
Source of classification or shelving scheme Dewey Decimal Classification
Koha item type Libro
Classification part 232.917
Item part M637
Existencias
Withdrawn status Lost status Source of classification or shelving scheme Damaged status Not for loan Collection code Home library Current library Shelving location Date acquired Total Checkouts Full call number Barcode Date last seen Price effective from Koha item type
    Dewey Decimal Classification     General Centro de Estudios Guadalupanos Centro de Estudios Guadalupanos Sala general 16/10/2023   232.917 M637 1971 93281 05/01/2026 16/10/2023 Libro